Statistiken für Wo liegen diese historischen Städte 2

Klicken Sie hier um das Quiz zu spielen!

Allgemein

  • Dieses Quiz wurde 66 mal gespielt
  • Das Durchschnittsergebnis liegt bei 6 aus 20

Antwortstatistiken

StadtLand% Korrekt
DelphiGriechenland
95%
Ragusa/DubrovnikKroatien
71%
MarienburgPolen
59%
PergamonTürkei
56%
UrukIrak
44%
XanaduChina
42%
TlaxcalaMexiko
41%
CapuaItalien
31%
VisegrádUngarn
29%
PataliputraIndien
25%
SusaIran
25%
MasadaIsrael
22%
KarakorumMongolei
22%
HeliopolisÄgypten
20%
Neu-KarthagoSpanien
20%
KyreneLibyen
12%
Mohenjo-DaroPakistan
8%
UgaritSyrien
7%
BagaranArmenien
3%
Trowulan/WilwatiktaIndonesien
3%

Verteilung der Resultate

Perzentil nach korrekt beantworteten Fragen

Anzahl Personen mit jedem Resultat

Ihre Resultats-Entwicklung

Sie haben dieses Quiz noch nicht gespielt